000 00704nam a2200241 a 4500
999 _c8099
_d8099
001 8099
003 BD-JhCC
005 20200218134008.0
008 180218s1983 u a|||| || | 001 0 eng d
035 _a(BD-JhCC)8099
040 _aBD-JhCC
_dBD-JhCC
041 _aeng
082 _a001.54
_bKAT 1983
100 _aKatula, Richard
245 _aCommunication :
_bWriting and Speaking /
_cRichard A. Katula, Celest A. Martin and Robert A. Schwegler
260 _aBoston :
_bLittle Brown and Company,
_c1983.
300 _a392 p. :
_bill. ;
_c 23m.
504 _aIncludes Index
650 _aCommunication
700 _aCelest A. Martin and Robert A. Schwegler
942 _2ddc
_cBK
_02